| 000 | 01197cam a22003617a 4500 | ||
|---|---|---|---|
| 003 | CHAP | ||
| 005 | 20220329142610.0 | ||
| 008 | 010926d2000 mx r 00110 spa d | ||
| 010 | _a85493 | ||
| 011 | _a86465 | ||
| 020 | _a0632040661 | ||
| 035 | _a97003 | ||
| 040 | _cCHAP | ||
| 082 | 0 | 4 | _a660.6 S2Y |
| 100 | 0 | 0 |
_aSchiechtl, Hugo M. _9102990 |
| 245 | 1 | 0 |
_aWater bioengineering techniques for watercourse bank and shoreline protection _c/by H.M. Schiechtl and R. Stern |
| 260 |
_aKlosterneuburg, Austria . _bBlackwell Science, _c1997. |
||
| 300 |
_a186 p. : _bilus. |
||
| 500 | _aTrad. de : Handbuch für naturnahen Wasserbau, 1994 | ||
| 590 |
_aBATCH-UPD _b10 _c20130110 _lUCH01 _h0829 |
||
| 590 |
_aBATCH-UPD _b10 _c20130410 _lUCH01 _h0507 |
||
| 590 |
_aBATCH-UPD _b10 _c20130914 _lUCH01 _h0639 |
||
| 590 |
_aCONVERSION _b10 _c20130109 _lUCH01 _h1347 |
||
| 650 | 1 | 4 |
_aBioingeniería. _912750 |
| 650 | 1 | 4 |
_aBiotecnología. _912878 |
| 650 | 1 | 4 |
_aBordos. _913852 |
| 650 | 1 | 4 |
_aRíos. _999166 |
| 700 | 0 | 0 |
_aStern, R. _9109701 |
| 901 | _aBK | ||
| 905 | _aAlejandra Carrasco M. | ||
| 942 | _cLIBRO | ||
| 949 |
_a660.6 S2Y _bBC _cLIBRO _d33724000862538 _eLIBRO _h102289 _i97003 _kI.213561 _si _t$ 1101.00 |
||
| 999 |
_c85493 _d85493 |
||